00333nam a2200133Ia 4500003000400000008004100004040001600045082001800061100001900079245004100098260004100139300000900180650001000189GCL140319s9999 xx 000 0 eng d aGCL / cGCL04a620.0042bB C1 aBARNES, MARTIN10aCEMM 3 - EXAMPLES / cBARNES, MARTIN a[S.N] : bThomuss Telford, ، c1992 a96 P04aCEMM3